| 000 | 00867nas a2200289 4500 | ||
|---|---|---|---|
| 001 | BR0804459 | ||
| 003 | BR-BrBNA | ||
| 005 | 20231205111826.0 | ||
| 007 | ta | ||
| 008 | 230509b bl.|||p| |||| 00| 00por d | ||
| 040 |
_aBR-BrBNA _bpor _cBiblioteca Nacional de Agricultura |
||
| 041 | _a(Pt) | ||
| 072 | _aF02 | ||
| 100 | 1 | _aRocha, S.C. da | |
| 100 | 1 | _aQuisen, R.C. | |
| 100 | 1 | _aQueiroz, J.A.L. de | |
| 100 | 1 | _aZuffellato-Ribas, K.C. | |
| 245 | 1 | _aPropagação vegetativa de espirradeira pela técnica da estaquia | |
| 650 | _aPROPAGAÇÃO VEGETATIVA | ||
| 650 | _aENRAIZAMENTO DE ESTACA | ||
| 650 | _aAUXINA | ||
| 650 | _aESTIMULANTE DE CRESCIMENTO VEGETAL | ||
| 650 | _aARBUSTO | ||
| 773 | 0 |
_tScientia Agraria (Brazil) _xISSN 1519-1125 _g(2004), v. 5(1-2) p. 73-77 _wBR0804459 |
|
| 909 |
_a202311 _bLúcia _c55 _dLúcia Elande |
||
| 942 |
_2AGRIS _n0 _cANA |
||
| 999 |
_c194674 _d194674 |
||